Neural information processing: (Record no. 4464)
[ view plain ]
| 000 -LEADER | |
|---|---|
| fixed length control field | 00769nam a22002297a 4500 |
| 003 - CONTROL NUMBER IDENTIFIER | |
| control field | OSt |
| 005 - DATE AND TIME OF LATEST TRANSACTION | |
| control field | 20220107122755.0 |
| 008 - FIXED-LENGTH DATA ELEMENTS--GENERAL INFORMATION | |
| fixed length control field | 140827b xxu||||| |||| 00| 0 eng d |
| 020 ## - INTERNATIONAL STANDARD BOOK NUMBER | |
| International Standard Book Number | 9783642344749 |
| 040 ## - CATALOGING SOURCE | |
| Transcribing agency | IIITM-K |
| 082 ## - DEWEY DECIMAL CLASSIFICATION NUMBER | |
| Classification number | 006.32 HUA/N |
| 245 ## - TITLE STATEMENT | |
| Title | Neural information processing: |
| Remainder of title | 19th international conference, ICONIP 2012 Doha, Qatar, November 2012 Proceedings Part 1 |
| Statement of responsibility, etc. | edited by Tingwen Huang; Zhigang Zeng; Chuandong Li; Chi Sing Leung |
| 260 ## - PUBLICATION, DISTRIBUTION, ETC. | |
| Place of publication, distribution, etc. | Berlin, |
| Name of publisher, distributor, etc. | Springer, |
| Date of publication, distribution, etc. | 2012. |
| 300 ## - PHYSICAL DESCRIPTION | |
| Extent | xxi, 708p. |
| 650 ## - SUBJECT ADDED ENTRY--TOPICAL TERM | |
| Topical term or geographic name entry element | COMPUTER SCIENCE |
| 9 (RLIN) | 5799 |
| 650 ## - SUBJECT ADDED ENTRY--TOPICAL TERM | |
| Topical term or geographic name entry element | NEURAL INFORMATION SYSTEMS |
| 9 (RLIN) | 5800 |
| 700 ## - ADDED ENTRY--PERSONAL NAME | |
| Personal name | Huang, Tingwen |
| 9 (RLIN) | 5801 |
| 700 ## - ADDED ENTRY--PERSONAL NAME | |
| Personal name | Zeng, Zhigang |
| 9 (RLIN) | 5802 |
| 700 ## - ADDED ENTRY--PERSONAL NAME | |
| Personal name | Li, Chuandong |
| 9 (RLIN) | 5803 |
| 700 ## - ADDED ENTRY--PERSONAL NAME | |
| Personal name | Leung, Chi Sing |
| 9 (RLIN) | 5804 |
| 942 ## - ADDED ENTRY ELEMENTS (KOHA) | |
| Source of classification or shelving scheme | Dewey Decimal Classification |
| Koha item type | Books |
| Withdrawn status | Lost status | Source of classification or shelving scheme | Damaged status | Not for loan | Collection code | Home library | Current library | Shelving location | Date acquired | Cost, normal purchase price | Total Checkouts | Full call number | Barcode | Date last seen | Date last checked out | Price effective from | Koha item type |
|---|---|---|---|---|---|---|---|---|---|---|---|---|---|---|---|---|---|
| Dewey Decimal Classification | Neural Network | Kerala University of Digital Sciences, Innovation and Technology Knowledge Centre | Kerala University of Digital Sciences, Innovation and Technology Knowledge Centre | Computer Science | 27/08/2014 | 5612.00 | 2 | 006.32 HUA/N | 4030 | 03/12/2020 | 12/12/2018 | 27/08/2014 | Books |